Small and medium enterprises in assam/ (Record no. 150460)

MARC details
000 -LEADER
fixed length control field 00676nam a22002177a 4500
005 - DATE AND TIME OF LATEST TRANSACTION
control field 20180322101732.0
010 ## - LCCN (DPL NO)
LC control number ENG-122360
020 ## - INTERNATIONAL STANDARD BOOK NUMBER
International Standard Book Number 9788186307960
Terms of availability 695.00
035 ## - SYSTEM CONTROL NUMBER
System control number EN-105892
037 ## - SOURCE OF ACQUISITION
Source of stock number/acquisition DBAD/PUB
082 ## - DEWEY DECIMAL CLASSIFICATION NUMBER
Classification number 338.6420954162
100 ## - MAIN ENTRY--PERSONAL NAME
Personal name Rajkonwar Ajanta Borgohain
245 ## - TITLE STATEMENT
Title Small and medium enterprises in assam/
Statement of responsibility, etc by Ajanta Borgohain Rajkonwar
250 ## - EDITION STATEMENT
Edition statement 1st ed.
260 ## - PUBLICATION, DISTRIBUTION, ETC. (IMPRINT)
Place of publication, distribution, etc Guwahati
Name of publisher, distributor, etc DVS Publishers
Date of publication, distribution, etc 2015
270 ## - ADDRESS
Address H.B. Road, Panbazar,
City Guwahati, Assam, India
Postal code 781001
300 ## - PHYSICAL DESCRIPTION
Extent 237p.
Dimensions 24cm.(Hb)
Other physical details ill.
500 ## - GENERAL NOTE
General note including bibliography and index
700 ## - ADDED ENTRY--PERSONAL NAME
Dates associated with a name
942 ## - ADDED ENTRY ELEMENTS (KOHA)
Source of classification or shelving scheme Dewey Decimal Classification
Item type English Books
Call number suffix RAJ
Classification part 338.6420954162
Holdings
Withdrawn status Lost status Not for loan Collection code Home library Current library Date acquired Source of acquisition Cost, normal purchase price Full call number Barcode Copy number Cost, replacement price Koha item type
    Not For Loan Non-fiction D.B.Act.Division Bawana 21/03/2018 DBAD/PUB 695.00 338.6420954162 RAJ EN-105892 1 695.00 English Books

© Delhi Public Library
Hit Counter
free hit counter